Sběrnou surovinou jsou... marketingové informace

Prezident spoločnosti Inform Katalog Ing. Dušan Lanciger rekapituluje činnosť firmy zaoberajúcej sa zberom a spracovaním marketingových informácií o podnikateľských subjektoch. Elektronické verzie katalógov.

Gespeichert in:
Bibliographische Detailangaben
1. Verfasser: Lanciger, D.
Weitere Verfasser: Jžzová, K.
Format: Buchkapitel
Sprache:Tschechisch
Schlagworte:
Tags: Tag hinzufügen
Keine Tags, Fügen Sie das erste Tag hinzu!

MARC

LEADER 00000naa a2200000 4500
001 r019618
005 20221208130902.2
041 0 |a cze 
044 |a CZ 
245 1 0 |a Sběrnou surovinou jsou... marketingové informace  |c D. Lanciger, K. Jžzová 
520 |a Prezident spoločnosti Inform Katalog Ing. Dušan Lanciger rekapituluje činnosť firmy zaoberajúcej sa zberom a spracovaním marketingových informácií o podnikateľských subjektoch. Elektronické verzie katalógov. 
610 2 0 |a Česko 
610 2 0 |a 1990-1995 
610 2 0 |a Inform Katalog, s.r.o. Brno 
610 2 0 |a katalógy 
610 2 0 |a firmy 
610 2 0 |a informácie 
610 2 0 |a marketing 
610 2 0 |a ISO 9000 
610 2 0 |a spracovanie dát automatické 
610 2 0 |a zber dát 
100 1 |a Lanciger, D. 
700 1 |a Jžzová, K.